| 000 | 01744nam0a2200325 4500 | ||
|---|---|---|---|
| 001 | RU\NLR\BIBL_A\012164254 | ||
| 005 | 20191223143932.0 | ||
| 010 |
_a978-5-4424-0415-9 _9100 |
||
| 021 |
_aRU _bКН-П-19-085211 _9КН-П-19-6202 |
||
| 035 | _a(NLR Aleph) 012164254 | ||
| 035 | _a(RuMoRGB)010154496 | ||
| 090 |
_a12207235 _c12207235 |
||
| 100 | _a20191216d2018 u y0rusy50 ca | ||
| 101 | 0 | _arus | |
| 102 | _aRU | ||
| 105 | _aa|||j|||000zy | ||
| 200 | 1 |
_aГнойничковые заболевания кожи _e(учебное пособие) _fИ.А. Ерина, Р.А. Садретдинов _gФедеральное государственное бюджетное общеобразовательное учреждение высшего профессионального образования "Астраханский государственный медицинский университет" Министерства здравоохранения России |
|
| 210 |
_aАстрахань _cИзд-во Астраханского государственного медицинского университета _d2018 |
||
| 215 |
_a38 с. _cтабл. _d20 |
||
| 320 | _aБиблиогр.: с. 36-37 (15 назв.) | ||
| 606 | 1 |
_aПиодермия _jУчебные издания _91448064 _3RU\NLR\AUTH\66303214 |
|
| 610 | 0 | _aгнойничковые заболевания кожи | |
| 686 | 1 | _aР601.114.1я7 | |
| 700 | 1 |
_aЕрина _bИ. А. _gИрина Анатольевна |
|
| 701 | 1 |
_aСадретдинов _bР. А. _gРенат Ажимахмудович |
|
| 942 | _cBOOK | ||
| 980 | _aNBR | ||
| 980 | _aNB | ||